000 01785nam2a22002771 4500
001 RU\NLR\INFOCOMM20\5000049689
005 20250617171941.0
035 _a(NLR Aleph) 002844594
090 _a2961610
_c2961610
100 _a20050303d1932 |||y0rusy50 ca
101 0 _arus
102 _aRU
105 _ay ||||000|y
200 1 _aОб огнеупорном материале для футеровки известково-обжигательных печей
_fД.Н. Полубояринов
210 _d1932
_aБ. м.
423 0 _12001#$aО разжижении бородинских глин$fМ.В. Бялецкая
_1700#1$aБялецкая$bМ.В.
_tО разжижении бородинских глин
_aБялецкая, М.В.
423 0 _12001#$aИсследование магнезита и магнезитового кирпича$fВ.Н. Швецов
_1700#1$aШвецов$bВ.Н.
_tИсследование магнезита и магнезитового кирпича
_aШвецов, В.Н.
461 0 _1001RU\NLR\INFOCOMM20\5000049560
_12001#$aТруды Государственного экспериментального института силикатов$fНаучно-технический отдел ВСНХ$vВып.6
_92961142
_aЭкспериментальный институт силикатов (Москва)
_cМ.
_d1923, 1931-1932
_fНаучно-технический отдел ВСНХ
_tТруды Государственного экспериментального института силикатов
_vВып.6
700 1 _aПолубояринов
_bД.Н.
_4070
801 1 _aRU
_bInfoComm
_c20050303
801 0 _aRU
_bNLR
_gPSBO
852 _aNLR
_j32-19/158
942 _cISSUE
980 _aNB
980 _aRUSPER